The complete idiot's guide to jogging and running / (Record no. 15255)
[ view plain ]
| 000 -LEADER | |
|---|---|
| fixed length control field | 01334cam a22004094a 4500 |
| 001 - CONTROL NUMBER | |
| control field | 149029 |
| 003 - CONTROL NUMBER IDENTIFIER | |
| control field | OSt |
| 005 - DATE AND TIME OF LATEST TRANSACTION | |
| control field | 20140310182713.0 |
| 008 - FIXED-LENGTH DATA ELEMENTS--GENERAL INFORMATION | |
| fixed length control field | 980317s1998 nyua f 001 0 eng c |
| 010 ## - LIBRARY OF CONGRESS CONTROL NUMBER | |
| LC control number | 98084950 |
| 020 ## - INTERNATIONAL STANDARD BOOK NUMBER | |
| International Standard Book Number | 9814096660 |
| 035 ## - SYSTEM CONTROL NUMBER | |
| System control number | (DLC) 98084950 |
| 035 ## - SYSTEM CONTROL NUMBER | |
| System control number | (OCoLC)39088141 |
| 040 ## - CATALOGING SOURCE | |
| Original cataloging agency | OCl |
| Transcribing agency | OCl |
| Modifying agency | NcAnA |
| -- | OCoLC |
| -- | DLC |
| 042 ## - AUTHENTICATION CODE | |
| Authentication code | pcc |
| 050 00 - LIBRARY OF CONGRESS CALL NUMBER | |
| Classification number | GV 494 |
| Item number | .R691 1998 |
| 082 ## - DEWEY DECIMAL CLASSIFICATION NUMBER | |
| -- | M 796.426 |
| Item number | R61 1998 |
| 100 1# - MAIN ENTRY--PERSONAL NAME | |
| Personal name | Rodgers, Bill, |
| Dates associated with a name | 1947- |
| 245 14 - TITLE STATEMENT | |
| Title | The complete idiot's guide to jogging and running / |
| Statement of responsibility, etc | Rodgers, Bill; Douglas, Scott |
| 246 30 - VARYING FORM OF TITLE | |
| Title proper/short title | Jogging and running |
| 260 ## - PUBLICATION, DISTRIBUTION, ETC. (IMPRINT) | |
| Place of publication, distribution, etc | New York, NY : |
| Name of publisher, distributor, etc | Alpha Books, |
| Date of publication, distribution, etc | c1998. |
| 300 ## - PHYSICAL DESCRIPTION | |
| Extent | xix, 331 p. : |
| Other physical details | ill. ; |
| Dimensions | 24 cm. |
| 500 ## - GENERAL NOTE | |
| General note | Includes index. |
| 521 ## - TARGET AUDIENCE NOTE | |
| Target audience note | |
| 526 ## - STUDY PROGRAM INFORMATION NOTE | |
| Reading level | 1210L-1700L |
| 541 ## - IMMEDIATE SOURCE OF ACQUISITION NOTE | |
| -- | 1 |
| 562 ## - COPY AND VERSION IDENTIFICATION NOTE | |
| Number of copies | 1 |
| 650 #0 - SUBJECT ADDED ENTRY--TOPICAL TERM | |
| Topical term or geographic name as entry element | Jogging |
| Form subdivision | Handbooks, manuals, etc. |
| 650 #0 - SUBJECT ADDED ENTRY--TOPICAL TERM | |
| Topical term or geographic name as entry element | Running |
| Form subdivision | Handbooks, manuals, etc. |
| 700 1# - ADDED ENTRY--PERSONAL NAME | |
| Personal name | Douglas, Scott. |
| 856 42 - ELECTRONIC LOCATION AND ACCESS | |
| Materials specified | Publisher description |
| Uniform Resource Identifier | <a href="http://www.loc.gov/catdir/enhancements/fy0716/98084950-d.html">http://www.loc.gov/catdir/enhancements/fy0716/98084950-d.html</a> |
| 906 ## - LOCAL DATA ELEMENT F, LDF (RLIN) | |
| a | 7 |
| b | cbc |
| c | pccadap |
| d | 2 |
| e | opcn |
| f | 19 |
| g | y-gencatlg |
| 942 ## - ADDED ENTRY ELEMENTS (KOHA) | |
| Source of classification or shelving scheme | Library of Congress Classification |
| Koha item type | Books |
| Call number prefix | |
| Withdrawn status | Lost status | Source of classification or shelving scheme | Damaged status | Home library | Current library | Shelving location | Date acquired | Total Checkouts | Full call number | Barcode | Date last seen | Copy number | Price effective from | Koha item type |
|---|---|---|---|---|---|---|---|---|---|---|---|---|---|---|
| Library of Congress Classification | College Library | College Library | General Circulation Section | 06/07/2013 | GV 494 .R691 1998 | C0473 | 05/15/2018 | 1 | 11/14/2013 | Books |